00952nam a22002177a 450000500170000000800430001702000320006002000240009205000230011624501220013925000110026126000990027230000310037149000700040250400280047265000330050065100540053365100540058770000470064170000460068820240809120509.0240809b mx |||||||| |||| 00| 0 spa d a9786073009355 (colección) a9786073048491 (v.9)04aJZ1711.5bA85 202100aAsia centralb: Análisis geopolítico de una región clavec/ coordinadores Mohamed El Yattioui y Claudia Barona. a1a ed. aMéxico :bUniversidad Nacional Autónoma de México. Coordinación de Humanidades,c2021. ax, 287 p. :bil. ;c23 cm.0 aColección Universitaria de Estudios sobre Asia y África ;v9. aIncluye bibliografía. 4aGeopolítica zAsia Central 72lembaAsia Central xRelaciones exterioresy1991- 72lembaAsia Central xPolítica y gobiernoy1991-1 aEl Yattioui Mohamed, Badine, ecoordinador1 aBarona Castañeda, Claudia,ecoordinador